Teorías del aprendizaje: perspectivas tradicionales y desarrollos contemporáneos

Saved in:
Bibliografiske detaljer
Hovedforfatter: Swenson, Leland C (Author)
Format: Bog
Sprog:spansk
Udgivet: Buenos Aires Paidós 1984
Udgivelse:1a. ed
Serier:Biblioteca Psicologías del Siglo XX
Fag:
Tags: Tilføj Tag
Ingen Tags, Vær først til at tagge denne postø!

MARC

LEADER 00000cam a2200000 a 4500
001 UCG9202
003 CL-VaPUC
008 120127e19840000AG |||||||||||||||||spa|d
020 |a 9501234444 
082 0 4 |a 370.1  |b SWE  |2 21 
100 0 |a Swenson, Leland C  |e author  |9 560682 
245 1 0 |a Teorías del aprendizaje: perspectivas tradicionales y desarrollos contemporáneos 
250 |a 1a. ed 
300 |a 541 p 
942 |c BK 
945 |d 20120127 00:00:00  |a dcastane 
260 |a Buenos Aires  |b Paidós  |c 1984 
650 0 |a Aprendizaje   |9 254827 
650 0 |a Procesos de aprendizaje  |9 309161 
650 0 |a Psicología educacional   |9 307830 
650 0 |a Investigación educacional   |9 261192 
650 0 |a Psicología del niño  |9 307305 
583 |a last modification  |c 20130107 12:54:36  |k Rodrigo Vera 
490 0 |a Biblioteca Psicologías del Siglo XX 
999 |c 346768  |d 346766 
952 |0 0  |1 0  |4 0  |6 370_100000000000000_SWE_1984  |7 0  |8 P  |9 447586  |a BIBEDU  |b BIBEDU  |c BIBEDU_PB  |d 2019-11-22  |i 4838351  |o 370.1 SWE 1984  |p 4838351  |r 2024-01-25  |w 2019-11-22  |y BK  |k EPE